000 00772cam a22001934a 4500
005 20250605164137.0
008 250528s ||||||||||||||||||||||||d
035 _a18826
020 _a226143902
040 _aGR-AtMCL
_bgre
_dGR-AtMCL
_eAACR2
245 1 _aJohn Dewey on Education / Selected Writings
260 _bThe University Of Chicago Press,
_c1964
300 _a426
520 _aIn this collection the writer has assembled John Dewey's major writings on education. Preface, Introduction, Philosophy and Education, Ethics and Education, Aesthetics and Education, Science and Education, Psychology and Education, Society and Education, Principles of Pedagogy.
700 1 _aArchambault Reginald D.
_95089
942 _cBK
999 _c4138
_d4138